000 00373cam a2200169 4500
001 D12850
008 090401t1969 xxu||||| |||| 00| 0 eng d
035 _a(Sirsi) u6272
041 _aeng
100 _aGratwick, R.T.
245 _aDampness in Buildings
260 _bCrosby Lockwood
_c1969
350 _a2
520 _aShelf 156
942 _n0
948 _c04/03/1997
999 _c86266
_d86266